00527nam a2200181 a 45000010010000000030011000100080041000210350026000620820014000881000019001022450015001212600037001366500035001739420012002089520090002209980020003109990015003300000-8592ELIB.Books110520 1952  a(ELIB.Books)0000-8738 a240 bDye aDye, Harold E. aThe Weaver bNashville: Broadman Press c1952 aDictionary of Christian Ethics 2ddccBK 00102ddc4070aKBTSbKBTSd2011-05-20l0p6933r2022-01-22 00:00:00w2022-01-22yBK cbate2011-05-20 c8592d8592